Loading...
Science - Biology | 0 | 8 | 1 | 1 | 75 | 38 | 78.63 | 5 | 7 |
Literature - European Literature | 0 | 8 | 1 | 0 | 75 | 16 | 69.13 | 3 | 8 |
Science - Chemistry | 0 | 7 | 2 | 1 | 60 | 43 | 71.57 | 4 | 6 |
History - American History | 0 | 7 | 3 | 0 | 55 | 74 | 100.43 | 0 | 5 |
Religion | 0 | 6 | 1 | 0 | 55 | 49 | 73.17 | 4 | 6 |
History - World History | 0 | 6 | 1 | 2 | 55 | 51 | 88.33 | 1 | 4 |
Literature - World Literature | 0 | 6 | 1 | 0 | 55 | 19 | 69.33 | 5 | 5 |
Social Science | 0 | 5 | 0 | 3 | 50 | 78 | 105.20 | 1 | 3 |
Science - Other Science | 0 | 5 | 0 | 1 | 50 | 33 | 56.60 | 3 | 4 |
Fine Arts - Other Fine Arts | 0 | 5 | 1 | 2 | 45 | 35 | 101.80 | 1 | 2 |
Fine Arts - Classical Music | 0 | 5 | 1 | 0 | 45 | 28 | 57.80 | 4 | 5 |
Literature - American Literature | 0 | 5 | 2 | 0 | 40 | 66 | 83.00 | 3 | 4 |
Philosophy | 0 | 5 | 2 | 1 | 40 | 35 | 72.20 | 2 | 4 |
Fine Arts - Painting and Sculpture | 0 | 4 | 0 | 0 | 40 | 64 | 85.50 | 1 | 4 |
Mythology | 0 | 4 | 1 | 0 | 35 | 68 | 87.75 | 2 | 3 |
Literature - British Literature | 0 | 5 | 3 | 0 | 35 | 26 | 74.20 | 3 | 5 |
History - Other History | 0 | 3 | 0 | 0 | 30 | 85 | 102.33 | 0 | 2 |
Geography | 0 | 3 | 1 | 2 | 25 | 69 | 97.67 | 0 | 0 |
Science - Physics | 0 | 3 | 1 | 0 | 25 | 73 | 79.67 | 0 | 3 |
History - European History | 0 | 2 | 0 | 0 | 20 | 12 | 31.50 | 2 | 2 |
Other Academic | 0 | 2 | 0 | 1 | 20 | 45 | 90.50 | 1 | 1 |
Current Events | 0 | 2 | 1 | 0 | 15 | 79 | 87.00 | 1 | 1 |